Philosophie de l’histoire et esthétique chez Mort ôgai - Métacritique de la modernité (notice n° 1912633)

détails MARC
000 -LEADER
fixed length control field 01395cam a2200265 4500500
005 - DATE AND TIME OF LATEST TRANSACTION
control field 20260329021439.0
041 ## - LANGUAGE CODE
Language code of text/sound track or separate title fre
042 ## - AUTHENTICATION CODE
Authentication code dc
100 10 - MAIN ENTRY--PERSONAL NAME
Personal name Ôishi, Naoki
Relator term author
245 00 - TITLE STATEMENT
Title Philosophie de l’histoire et esthétique chez Mort ôgai - Métacritique de la modernité
260 ## - PUBLICATION, DISTRIBUTION, ETC.
Date of publication, distribution, etc. 2015.<br/>
500 ## - GENERAL NOTE
General note 83
520 ## - SUMMARY, ETC.
Summary, etc. Cet article est une traduction en langue française d’un extrait d’un texte publié par l’auteur en langue japonaise. IL interroge l’œuvre et la vie de l’écrivain Mori Ôgai, sur la question de la modernité venue d’Europe, qui s’exprime en particulier dans le mouvement d’émancipation féminine
520 ## - SUMMARY, ETC.
Summary, etc. This article is a translation in French language of an extract of a text published by die author in Japanese language. The authors is studing the work and the life of the writer Mori Ogai, about the question of the modernity coming from Europe, which expresses itself particularely in the movement of feminine emancipation.
690 ## - LOCAL SUBJECT ADDED ENTRY--TOPICAL TERM (OCLC, RLIN)
Topical term or geographic name as entry element émancipation féminine
690 ## - LOCAL SUBJECT ADDED ENTRY--TOPICAL TERM (OCLC, RLIN)
Topical term or geographic name as entry element Japon
690 ## - LOCAL SUBJECT ADDED ENTRY--TOPICAL TERM (OCLC, RLIN)
Topical term or geographic name as entry element modernité
690 ## - LOCAL SUBJECT ADDED ENTRY--TOPICAL TERM (OCLC, RLIN)
Topical term or geographic name as entry element Mori Ôgai
690 ## - LOCAL SUBJECT ADDED ENTRY--TOPICAL TERM (OCLC, RLIN)
Topical term or geographic name as entry element féminine émancipation
690 ## - LOCAL SUBJECT ADDED ENTRY--TOPICAL TERM (OCLC, RLIN)
Topical term or geographic name as entry element Japan
690 ## - LOCAL SUBJECT ADDED ENTRY--TOPICAL TERM (OCLC, RLIN)
Topical term or geographic name as entry element modernity
690 ## - LOCAL SUBJECT ADDED ENTRY--TOPICAL TERM (OCLC, RLIN)
Topical term or geographic name as entry element Mori Ogai
786 0# - DATA SOURCE ENTRY
Note Psy Cause | 70 | 3 | 2015-01-22 | p. 29-31 | 1245-2394
856 41 - ELECTRONIC LOCATION AND ACCESS
Uniform Resource Identifier <a href="https://shs.cairn.info/revue-psy-cause-2015-3-page-29?lang=fr&redirect-ssocas=7080">https://shs.cairn.info/revue-psy-cause-2015-3-page-29?lang=fr&redirect-ssocas=7080</a>

Pas d'exemplaire disponible.

PLUDOC

PLUDOC est la plateforme unique et centralisée de gestion des bibliothèques physiques et numériques de Guinée administré par le CEDUST. Elle est la plus grande base de données de ressources documentaires pour les Étudiants, Enseignants chercheurs et Chercheurs de Guinée.

Adresse

627 919 101/664 919 101

25 boulevard du commerce
Kaloum, Conakry, Guinée

Réseaux sociaux

Powered by Netsen Group @ 2025